Európai uniós támogatások felhasználása Görögországban

Bibliographic Details
Main Author: Tóth Noémi Boglárka
Other Authors: Ferkelt Dr. Balázs
Format: Thesis
Kulcsszavak:Görögország
Uniós források
EU-támogatás
Gazdasági válság
Online Access:http://dolgozattar.uni-bge.hu/15909

MARC

LEADER 00000nta a2200000 i 4500
001 dolg15909
005 20200323114457.0
008 180510suuuu hu om 000 hun d
040 |a BGE Dolgozattár Repozitórium  |b hun 
041 |a hu 
100 1 |a Tóth Noémi Boglárka 
245 1 0 |a Európai uniós támogatások felhasználása Görögországban  |c Tóth Noémi Boglárka  |h [elektronikus dokumentum] 
695 |a Görögország 
695 |a Uniós források 
695 |a EU-támogatás 
695 |a Gazdasági válság 
700 1 |a Ferkelt Dr. Balázs  |e ths 
856 4 0 |u http://dolgozattar.uni-bge.hu/15909/1/Toth_Noemi_Boglarka_szakdolgozat.pdf  |z Dokumentum-elérés